Skip to content
VuFind
Language
English
Español
Todo
Libros
eBooks
Revistas
Tesis
Audiovisual
Búsqueda Combinada
All Fields
Title
Author
Subject
Call Number
ISBN/ISSN
Tag
Find
Advanced
Page will reload when a filter is removed.
Reset Filters
Applied Filters:
Suggested Topics:
Remove Filter
Algebra, Abstract.
Page will reload when a filter is removed.
Reset Filters
Show filters (1)
Suggested Topics:
Remove Filter
Algebra, Abstract.
PHMS. Prueba de habilidades me...
Cite this
Text this
Print
Export Record
Export to RefWorks
Export to EndNoteWeb
Export to EndNote
Permanent link
PHMS. Prueba de habilidades metalingüísticas de tipo semántico
Holdings
Description
Preview
Similar Items
Staff View
MARC
LEADER
00000 a2200000 4500
040
|a
CL-VaUT
245
|a
PHMS. Prueba de habilidades metalingüísticas de tipo semántico
336
|2
rdacontent
|a
text
|b
txt
337
|2
rdamedia
|a
unmediate
|b
n
338
|2
rdacarrier
|a
volume
|b
nc
999
|c
54249
|d
54249
Similar Items
Las habilidades metalingüísticas : Estudio con niños que reciben instrucción en francés /
by: Franco, María Olga
Temas semántico-comunicativos : (burdos borradores) /
by: Oviedo Acevedo, Tito Nelson
Published: (2017)
Tipos de pruebas : los exámenes orales y las preguntas de respuesta abierta /
by: Morales Vallejo, Pedro
Published: (1995)
Comentario lexicológico-semántico de textos /
by: Becerra Hiraldo, José María
Published: (2019)
Cambio semántico y competencia gramatical /
by: Penas Ibáñez, María Azucena
Published: (2009)